| 000 | 00522nam a2200193Ia 4500 | ||
|---|---|---|---|
| 003 | GCL | ||
| 008 | 140319s9999 xx 000 0 ara d | ||
| 040 |
_aGCL / _cGCL |
||
| 082 | 0 | 4 |
_aط _b790.02 _bد ع |
| 100 | 1 | _aدار المعارف | |
| 245 | 1 | 0 |
_aاجتهد معى / _cدار المعارف |
| 260 |
_a[S.N] : _bدار المعارف ، _c1989 |
||
| 300 | _a15 ص | ||
| 490 |
_aعلوم وتسالى _v0 |
||
| 650 | 0 | 4 | _aالاطفال |
| 650 | 0 | 4 | _aالترفيه |
| 650 | 0 | 4 | _aالتسالى |
| 942 |
_2ddc _cBK |
||
| 999 |
_c56806 _d56806 |
||